000 00975nam a2200289 i 4500
001 000004130
003 DO-SdBPM
005 20260420115946.0
007 ta
008 090717s2006 dr r 001 0 spa d
040 _aDO-SdBPM
_bspa
_cBPMSU
_erda
_d
041 _hspa
082 4 _a340.97293
_bT231h 2010
_222
100 1 _aTavares, Froilán.
_eautor
_4autor
245 1 0 _aHistoria del derecho y de las ideas sociopoliticas /
_cFroilán Taváres, Froilan J. R. Tavares.
264 _aSanto Domingo :
_bEditora Centenario,
_c2006
300 _a267 páginas ;
_c24 cm.
336 _atexto
_btxt
_2rdacontent
337 _asin mediación
_bn
_2rdamedia
338 _avolumen
_bnc
_2rdacarrier
500 _aIncluye índice
500 _aIncluye referencias bibliográficas y notas al pie de las páginas
590 _aInventariado, 2026/ VM
650 7 _aDerecho
_zRepública Dominicana
_xHistoria
910 _aVMateo V. Conrol de calidad. BPMSU
942 _2ddc
_cBK
999 _c15783
_d15783